Pannonia Welt- und Zeitgemaelde zur Belehrung und Unterhaltung

Bibliographic Details
Previous Title:Pressburger Aehrenlese
Format: Journal
Language:German
PhysicalDescription:12 zv. 32x25 cm
Published: Pressburg [= Bratislava] Schaiba 1837-1848
ISSN:1337-7922
Subjects:
Online Access:http://www.difmoe.eu/archiv/year?content=Periodika&kalender=0&name=Pannonia&title=Pannonia

MARC

LEADER 00000cas a2200000 a 4500
001 vtls011564042
003 SK-MaSNL
005 20260425194416.0
008 160630d18371848xo cr|p| || b0ger
022 |a 1337-7922 
040 |a BA001  |b slo  |c BA001  |d SNMK  |d SNK  |e AACR2 
041 0 |a ger 
044 |a xo  |c SK 
072 7 |a 7.01/.09  |x Umenie  |2 konspekt 
080 |a 7.01/.09  |2 2011 
080 |a (437.611)  |2 2011 
080 |a (051)+(054)  |2 2011 
080 |a 050  |2 2011 
210 0 |a Pannonia  |b (Bratisl., 1837) 
222 |a Pannonia  |b (Bratislava, 1837) 
245 0 0 |a Pannonia  |b Welt- und Zeitgemaelde zur Belehrung und Unterhaltung 
246 3 3 |a Pannonia 
260 |a Pressburg [= Bratislava]  |b Schaiba  |c 1837-1848 
300 |a 12 zv.  |c 32x25 cm 
310 |a 2x týždenne 
362 0 |a Roč. 1, č. 1 (1837)-roč. 12, č.71 (1848) 
650 0 7 |a umenie  |2 SNKPH  |9 1060 
651 7 |a Bratislava (Slovensko)  |2 SNKPHgeo  |9 14568 
655 7 |a miestne periodiká  |2 SNKPH  |9 160938 
772 0 |t Pressburger Zeitung 
780 0 0 |t Pressburger Aehrenlese 
856 4 1 |u http://www.difmoe.eu/archiv/year?content=Periodika&kalender=0&name=Pannonia&title=Pannonia 
910 |a snmk 
910 |a snk 
999 |c 13409  |d 15339 
952 |t č. 1-148, neúplné  |a SNK  |b SNK  |y PREZ  |7 0  |p 17A1188976  |o snkČSB 145/8/1844 D1  |i snkIII. 1589/44  |z Chýba č. 85  |0 0  |1 0  |4 0  |d 2017-11-10  |l 0  |r 2026-02-21 22:11:57  |w 2026-02-21 
952 |t č. 75-178, neúplné  |a SNK  |b SNK  |y PREZ  |7 0  |p 17A1189023  |o snkČSB 145/10/1846 D1  |i snkF 2071/98  |8 5  |z Chýba č. 95,99,100,115,121,131-136  |0 0  |1 0  |4 0  |d 2017-11-10  |l 0  |r 2026-02-21 22:11:57  |w 2026-02-21